000 00294nam a2200133Ia 4500
100 _aDavis/ H.F/ Snider /A.D
942 _cBK
245 _aIntroduction to Vector Analysis
260 _bUniversal Book Stall
082 _a515.63
_bDAV/SNI
300 _a365
546 _aENGLISH
999 _c25946
_d25946